000 00591nam a22001937a 4500
003 OSt
005 20221012153056.0
008 221012b |||||||| |||| 00| 0 eng d
020 _a9977-47-361-7
040 _cBiblioteca Lado V
082 _a779.949
_bG216m
100 _9143
_aGarcia Kilroy, Catiana
_eDiseño
_eeditora
245 _aMiradas del sur/
246 _aSouthern Views/
260 _aSan Jose, Costa Rica
_bFundavinculo
_c2006
300 _a145p.
_c24x22cm
700 _aArias Valverde, Alexander
_eDiseño
_eeditor
942 _2ddc
_c1
_h779.949
_iG216m
_n0
999 _c2263
_d2263